[Event "RUS-chT (Women)"]
[Site "Sochi"]
[Date "2023.05.10"]
[Round "9.1"]
[White "Mikhaylova, Irina"]
[Black "Obolentseva, Alexandra"]
[Result "0-1"]
[WhiteElo "2257"]
[BlackElo "2323"]
[PlyCount "96"]
[EventDate "2023.05.01"]
[EventType "team-swiss"]
[EventRounds "9"]
[EventCountry "RUS"]
[SourceTitle "CBM 214 Extra"]
[Source "ChessBase"]
[SourceDate "2023.07.31"]
[SourceVersion "1"]
[SourceVersionDate "2023.07.31"]
[SourceQuality "1"]
[WhiteTeam "Rossia Veterany (W)"]
[BlackTeam "Moscow Sbornaya (W)"]
[WhiteTeamCountry "RUS"]
[BlackTeamCountry "RUS"]

1. d4 Nf6 2. Nf3 c5 3. c4 cxd4 4. Nxd4 e5 5. Nb5 d5 6. cxd5 Bc5 7. N5c3 0-0 8. e3 e4 9. Nd2 Qe7 10. Nb3 Bb6 11. Be2 Rd8 12. 0-0 Nc6 13. Nd4 Nxd4 14. exd4 Nxd5 15. Nxd5 Rxd5 16. Be3 Be6 17. Bc4 Rd7 18. Qb3 Bxc4 19. Qxc4 Rad8 20. Rfd1 h6 21. Rd2 Rd5 22. Rad1 Qd6 23. g3 Qe6 24. Qe2 Re8 25. Kg2 Kh7 26. h3 Qd7 27. Qg4 Qc6 28. Qe2 Qe6 29. h4 Qg6 30. Bf4 Red8 31. f3 exf3+ 32. Qxf3 Rxd4 33. Rxd4 Rxd4 34. Rxd4 Bxd4 35. Qxb7 Qc2+ 36. Kh3 Qf5+ 37. Kg2 Qc2+ 38. Kh3 f5 39. Qg2 Qxb2 40. Qxb2 Bxb2 41. h5 g5 42. hxg6+ Kxg6 43. g4 fxg4+ 44. Kxg4 h5+ 45. Kh3 Ba3 46. Be3 a5 47. Bb6 a4 48. Bd4 Be7 0-1

[Event "RUS GP Blitz Final (Women)"]
[Site "Moscow"]
[Date "2022.12.16"]
[Round "11"]
[White "Borisova, Ekaterina"]
[Black "Obolentseva, Alexandra"]
[Result "1-0"]
[WhiteElo "2223"]
[BlackElo "2313"]
[PlyCount "53"]
[EventDate "2022.12.16"]
[EventType "tourn (blitz)"]
[EventRounds "13"]
[EventCountry "RUS"]
[EventCategory "1"]
[SourceTitle "CBM 211 Extra"]
[Source "ChessBase"]
[SourceDate "2023.01.31"]
[SourceVersion "1"]
[SourceVersionDate "2023.01.31"]
[SourceQuality "1"]

1. d4 Nf6 2. c4 g6 3. Nc3 Bg7 4. e4 d6 5. f3 0-0 6. Be3 c5 7. Nge2 Nc6 8. d5 Ne5 9. Ng3 h5 10. Be2 h4 11. Nf1 e6 12. Bg5 h3 13. Ne3 hxg2 14. Rg1 Qa5 15. Qd2 exd5 16. Bxf6 d4 17. Bxg7 dxc3 18. bxc3 Kxg7 19. Rxg2 Be6 20. f4 Nc6 21. f5 Bd7 22. Nd5 Ne5 23. f6+ Kh7 24. Qf4 Bg4 25. Rxg4 Nxg4 26. Qxg4 Kg8 27. Ne7+ 1-0

[Event "RUS GP Blitz Final (Women)"]
[Site "Moscow"]
[Date "2022.12.16"]
[Round "7"]
[White "Mashinskaya, Iulia"]
[Black "Obolentseva, Alexandra"]
[Result "0-1"]
[WhiteElo "2215"]
[BlackElo "2313"]
[PlyCount "47"]
[EventDate "2022.12.16"]
[EventType "tourn (blitz)"]
[EventRounds "13"]
[EventCountry "RUS"]
[EventCategory "1"]
[SourceTitle "CBM 211 Extra"]
[Source "ChessBase"]
[SourceDate "2023.01.31"]
[SourceVersion "1"]
[SourceVersionDate "2023.01.31"]
[SourceQuality "1"]

1. d4 Nf6 2. Nc3 d5 3. Bg5 e6 4. e4 dxe4 5. Nxe4 Be7 6. Bxf6 Bxf6 7. Nf3 0-0 8. Bd3 h6 9. Qe2 Nd7 10. g4 b6 11. 0-0-0 Bb7 12. h4 g6 13. g5 hxg5 14. h5 g4 15. Ne5 Bxe5 16. dxe5 Qg5+ 17. Kb1 Qxe5 18. hxg6 f5 19. f4 Qxf4 20. Bc4 Ne5 21. Bxe6+ Kg7 22. Rh7+ Kxg6 23. Rdh1 Bxe4 24. R1h6+ 0-1

[Event "RUS GP Blitz Final (Women)"]
[Site "Moscow"]
[Date "2022.12.16"]
[Round "12"]
[White "Obolentseva, Alexandra"]
[Black "Shuvalova, Polina"]
[Result "1/2-1/2"]
[WhiteElo "2313"]
[BlackElo "2502"]
[PlyCount "228"]
[EventDate "2022.12.16"]
[EventType "tourn (blitz)"]
[EventRounds "13"]
[EventCountry "RUS"]
[EventCategory "1"]
[SourceTitle "CBM 211 Extra"]
[Source "ChessBase"]
[SourceDate "2023.01.31"]
[SourceVersion "1"]
[SourceVersionDate "2023.01.31"]
[SourceQuality "1"]

1. d4 Nf6 2. c4 e6 3. Nc3 Bb4 4. a3 Bxc3+ 5. bxc3 c5 6. f3 b6 7. e4 d6 8. Bd3 Nc6 9. Ne2 Qc7 10. f4 Bb7 11. 0-0 0-0-0 12. Bb2 Na5 13. Qc2 Nd7 14. Rad1 Ba6 15. Qa4 Qc6 16. Qxc6+ Nxc6 17. f5 e5 18. g4 Na5 19. Kf2 Bxc4 20. Bxc4 Nxc4 21. Bc1 h6 22. h4 Kc7 23. Rg1 Rde8 24. d5 b5 25. g5 hxg5 26. hxg5 Rh4 27. Ng3 g6 28. Kg2 Reh8 29. Rh1 Rxh1 30. Nxh1 Rh4 31. Ng3 Kd8 32. Rf1 Ke7 33. Rf2 a6 34. Ra2 Ndb6 35. Rf2 Nd7 36. Ra2 Ncb6 37. Rf2 Rh8 38. Rf1 a5 39. Rf2 a4 40. Rb2 b4 41. cxb4 c4 42. Be3 Rc8 43. Rc2 c3 44. Ne2 Rc4 45. f6+ Kd8 46. Kf3 Nc8 47. Rxc3 Ndb6 48. Rxc4 Nxc4 49. Nc3 Nxa3 50. Nxa4 Nb5 51. Nb2 Kc7 52. Nc4 Nc3 53. Na5 Nb5 54. Nc6 Nc3 55. Bd2 Nb5 56. Be1 Nb6 57. Ne7 Kd7 58. Bf2 Nc4 59. Be3 Nb2 60. Nc6 Nc4 61. Nb8+ Kc7 62. Nc6 Nc3 63. Ne7 Kd7 64. Nc6 Na3 65. Nb8+ Kc7 66. Nc6 Ncb5 67. Ne7 Kd7 68. Nc6 Nc2 69. Ne7 Nxb4 70. Ke2 Nc3+ 71. Kf3 Nd3 72. Nc6 Ne1+ 73. Kf2 Nd3+ 74. Kf3 Nb2 75. Nb4 Nc4 76. Nd3 Nb5 77. Nf2 Nc3 78. Ng4 Ke8 79. Nf2 Nb5 80. Ng4 Nca3 81. Nf2 Nc2 82. Nd1 Ne1+ 83. Kf2 Nd3+ 84. Kf3 Kd7 85. Ke2 Nb4 86. Kf3 Na6 87. Nf2 Nb4 88. Nd1 Kc7 89. Ke2 Kb7 90. Nf2 Nc3+ 91. Kf3 Nb5 92. Ng4 Kc7 93. Nh6 Kd7 94. Nxf7 Nc2 95. Nh8 Ke8 96. Nxg6 Kf7 97. Nh4 Nc3 98. Kf2 Nxe4+ 99. Kf3 Nc3 100. Kf2 Nxd5 101. Nf5 Kg6 102. Nh4+ Kf7 103. Nf5 Kg6 104. Nh4+ Kf7 105. Nf5 Ke6 106. Ng7+ Kf7 107. Nf5 Ndxe3 108. Nxe3 Nd4 109. Nc4 Kg6 110. Nxd6 Kxg5 111. f7 Ne6 112. Ke3 Kf6 113. Ke4 Ke7 114. Nc4 Kxf7 1/2-1/2

[Event "RUS GP Blitz Final (Women)"]
[Site "Moscow"]
[Date "2022.12.16"]
[Round "4"]
[White "Obolentseva, Alexandra"]
[Black "Tomilova, Elena"]
[Result "1-0"]
[WhiteElo "2313"]
[BlackElo "2207"]
[PlyCount "50"]
[EventDate "2022.12.16"]
[EventType "tourn (blitz)"]
[EventRounds "13"]
[EventCountry "RUS"]
[EventCategory "1"]
[SourceTitle "CBM 211 Extra"]
[Source "ChessBase"]
[SourceDate "2023.01.31"]
[SourceVersion "1"]
[SourceVersionDate "2023.01.31"]
[SourceQuality "1"]

1. d4 Nf6 2. c4 e6 3. Nc3 Bb4 4. a3 Bxc3+ 5. bxc3 c5 6. f3 d6 7. e4 Nc6 8. Be3 b6 9. Bd3 e5 10. d5 Na5 11. Ne2 Ba6 12. Ng3 Qd7 13. Qe2 h5 14. 0-0 h4 15. Nf5 h3 16. Nxg7+ Kf8 17. Nf5 hxg2 18. Rf2 Nh5 19. Rxg2 Bc8 20. Rf1 Qd8 21. Bg5 f6 22. Bc1 Bxf5 23. exf5 Kf7 24. f4 exf4 25. Qe6+ Kf8 1-0

[Event "RUS GP Top 28 Rapid (Women)"]
[Site "Khanty-Mansiysk"]
[Date "2022.12.03"]
[Round "10"]
[White "Obolentseva, Alexandra"]
[Black "Smirnova, Ekaterina"]
[Result "0-1"]
[WhiteElo "2330"]
[BlackElo "2188"]
[PlyCount "56"]
[EventDate "2022.12.01"]
[EventType "tourn (rapid)"]
[EventRounds "13"]
[EventCountry "RUS"]
[SourceTitle "CBM 211 Extra"]
[Source "ChessBase"]
[SourceDate "2023.01.31"]
[SourceVersion "1"]
[SourceVersionDate "2023.01.31"]
[SourceQuality "1"]

1. d4 d5 2. c4 c6 3. Nf3 Nf6 4. Nc3 dxc4 5. a4 Bf5 6. e3 e6 7. Bxc4 Bb4 8. 0-0 0-0 9. Qe2 Bg6 10. Rd1 Nbd7 11. h3 Qc7 12. Nh4 Bh5 13. g4 Bg6 14. Nxg6 hxg6 15. f4 c5 16. d5 exd5 17. Nxd5 Nxd5 18. Bxd5 Nf6 19. Bf3 Rfe8 20. Bd2 Bxd2 21. Rxd2 Re7 22. Qd3 Rae8 23. Kf2 c4 24. Qd4 Rxe3 25. Qxe3 Rxe3 26. Kxe3 c3 27. Re2 cxb2 28. Rb1 Qc1+ 0-1

[Event "Titled Tuesday intern op 29th Mar Early"]
[Site "Chess.com INT"]
[Date "2022.03.29"]
[Round "4"]
[White "Costachi, Mihnea"]
[Black "Obolentseva, Alexandra"]
[Result "1/2-1/2"]
[WhiteElo "2463"]
[BlackElo "2305"]
[PlyCount "230"]
[EventDate "2022.03.29"]
[EventType "swiss (blitz)"]
[EventRounds "11"]
[EventCountry "USA"]
[SourceTitle "CBM 207 Extra"]
[Source "ChessBase"]
[SourceDate "2022.05.31"]
[SourceVersion "1"]
[SourceVersionDate "2022.05.31"]
[SourceQuality "1"]

1. e4 c5 2. b3 d6 3. Bb2 Nc6 4. f4 Nf6 5. d3 g6 6. Nf3 Bg7 7. Be2 0-0 8. 0-0 b5 9. a4 bxa4 10. Rxa4 Bd7 11. Nbd2 a5 12. Nc4 Nd4 13. Ra2 Nxe2+ 14. Qxe2 a4 15. Rfa1 Qb8 16. bxa4 Be6 17. Bc3 d5 18. exd5 Nxd5 19. Bxg7 Kxg7 20. g3 Nc3 21. Qe1 Nxa2 22. Rxa2 Bxc4 23. Qc3+ Kg8 24. Qxc4 Qb4 25. Qxb4 cxb4 26. Ne5 Rfb8 27. Nd7 Rb7 28. Nc5 Rc7 29. d4 Rca7 30. Rb2 Rxa4 31. Nxa4 Rxa4 32. Kf2 Kg7 33. Ke3 Kf6 34. Kd3 Kf5 35. Rb3 Ra3 36. Kc4 Ra2 37. Kd3 Ra3 38. h3 Ke6 39. Kc4 Ra2 40. Kd3 Ra3 41. Ke4 Ra2 42. Rxb4 Rxc2 43. Rb6+ Kd7 44. Rb7+ Rc7 45. Rb8 Ke6 46. g4 Kf6 47. h4 Kg7 48. Re8 Rd7 49. Ke5 h6 50. g5 hxg5 51. hxg5 Ra7 52. d5 Rb7 53. Rc8 Rd7 54. Rc4 Ra7 55. Rb4 Rd7 56. Re4 Ra7 57. Kd4 Ra4+ 58. Kd3 Ra3+ 59. Kc4 Ra4+ 60. Kd3 Ra3+ 61. Kd4 Ra4+ 62. Ke3 Ra3+ 63. Ke2 Ra2+ 64. Kf3 Ra3+ 65. Kg4 Ra7 66. Re3 Rd7 67. Re5 Ra7 68. Kf3 Ra3+ 69. Ke2 Ra2+ 70. Kd3 Ra7 71. Re3 Ra3+ 72. Ke4 Ra4+ 73. Ke5 Ra7 74. Rc3 Rd7 75. Kd4 Ra7 76. Kc5 Ra5+ 77. Kc6 Ra4 78. Kd7 Re4 79. Rf3 Rd4 80. Kc6 Rc4+ 81. Kb5 Rc7 82. Re3 f6 83. Kb6 Rd7 84. Kc6 Rd6+ 85. Kc5 Kf7 86. Re4 Rd8 87. Re1 Rc8+ 88. Kd4 Rh8 89. Re4 Rh1 90. gxf6 Kxf6 91. Re6+ Kf7 92. Re4 Rd1+ 93. Ke5 Rh1 94. Re2 Rh5+ 95. Ke4 Kf6 96. Ra2 Rh1 97. Ra6+ Kf7 98. Ra3 Re1+ 99. Re3 Ra1 100. Ke5 Rh1 101. Re2 Rh5+ 102. Kd4 Rh4 103. Ke3 Rh3+ 104. Ke4 Rh1 105. Rg2 Ra1 106. Rh2 Re1+ 107. Kd4 Kf6 108. Rh7 Rf1 109. Ke4 Re1+ 110. Kf3 Rf1+ 111. Ke3 Re1+ 112. Kd3 Rd1+ 113. Ke4 Re1+ 114. Kf3 Rd1 115. Ke4 Re1+ 1/2-1/2